00234nam a2200085Ia 450000500170000000800410001724500630005826000100012199900170013120250523154323.0250523s9999 xx 000 0 und d 0aEce Yüce/Yüce Nasıl KanatlandıcGülten Dayıoğlu bALTIN c12056d12056